| 000 | 01167nas a2200325 4500 | ||
|---|---|---|---|
| 001 | BR8708688 | ||
| 003 | BR-BrBNA | ||
| 005 | 20231205091009.0 | ||
| 007 | ta | ||
| 008 | 230509b bl.|||p| |||| 00| 00por d | ||
| 040 |
_aBR-BrBNA _bpor _cBiblioteca Nacional de Agricultura |
||
| 041 | _a(Pt) | ||
| 072 | _aQ52 | ||
| 100 | 1 | _aStamford, T.L.M. | |
| 100 | 1 | _aGuerra, N.B. | |
| 100 | 1 | _aMedeiros, R.B. de | |
| 100 | 1 | _aAlves, L.G.A. | |
| 100 | 1 | _aTavares, M.O.C. | |
| 245 | 1 | _aRacao animal a partir de residuos de frutos fermentados. Parte 2: Tomate (Solanum lycopersicum L.), mamao (Carica papaya L.)e goiaba (Psidium guajava L.) | |
| 246 | 1 | _aAnimal feed from fermented fruit residues, Part 2: Tomato (Solanum lycopersicum L.), papaya (Carica papaya L.)and guava (Psidium guajava L.) | |
| 650 | _aRACAO | ||
| 650 | _aRESIDUO | ||
| 650 | _aTOMATE | ||
| 650 | _aMAMAO | ||
| 650 | _aGOIABA | ||
| 650 | _aPROTEINA MICROBIANA | ||
| 773 | 0 |
_tBoletim da Sociedade Brasileira de Ciencia e Tecnologia de Alimentos (Brazil) _xISSN 0101-3637 _g(Jul 1986), v. 20(3-4) p. 93-101 _wBR8708688 |
|
| 909 |
_a202311 _bLúcia _c55 _dLúcia Elande |
||
| 942 |
_2AGRIS _n0 _cANA |
||
| 999 |
_c122113 _d122113 |
||